000
nam a22 7a 4500
999
_c
48180
_d
48180
003
OSt
005
20190705143415.0
008
190705b xxu||||| |||| 00| 0 eng d
040
_c
SEROSOFT
100
_a
Dr A K JAIN
245
_a
NUTRITION AND HEALTH FOR DIPLOMA IN NURSING
300
_a
110
942
_2
ddc
_c
01